| 000 | 00581nam a2200193 a 4500 | ||
|---|---|---|---|
| 005 | 20220602063701.0 | ||
| 008 | 991125m19731979es 000 0 spa u | ||
| 035 | _aUPN01000043444 | ||
| 049 | _aCG | ||
| 050 | 4 |
_aPQ8498.32 A6.5 _bP3 |
|
| 100 | 1 |
_aVargas Llosa, Mario, _d1936- _929481 |
|
| 245 | 1 | 0 |
_aPantaleón y las visitadoras / _cMario Vargas Llosa. |
| 260 |
_aBarcelona [Esp.] : _bSeix Barral, _c1973 (1979 impr.). |
||
| 300 | _a309 p. | ||
| 440 | 0 | _aBiblioteca breve | |
| 650 | 7 |
_aNovela peruana _2 _910208 |
|
| 650 | 4 |
_aLITERATURA PERUANA - _ySIGLO XX _99777 |
|
| 905 | _aLibro | ||
| 999 |
_c43444 _d43444 |
||